Ekonomika a řízení odvětví veřejného sektoru

Uložené v:
Podrobná bibliografia
Hlavný autor: Rektořík, Jaroslav
Médium: Kniha
Jazyk:Czech
Vydavateľské údaje: Praha EKOPRESS 2002
Predmet:
Tagy: Pridať tag
Žiadne tagy, Buďte prvý, kto otaguje tento záznam!

MARC

LEADER 00000nam a2200000 4500
001 c140539
005 20240306141347.0
020 |a 80-86119-60-2 
041 0 |a cze 
044 |a CZ 
245 1 0 |a Ekonomika a řízení odvětví veřejného sektoru  |c Jaroslav Rektořík a kolektiv 
264 1 |a Praha  |b EKOPRESS  |c 2002 
300 |a 264 s. 
610 2 0 |a správa verejná 
610 2 0 |a sektor verejný 
610 2 0 |a financie verejné 
610 2 0 |a riadenie hospodárske 
610 2 0 |a hospodárstvo národné 
610 2 0 |a efektívnosť 
610 2 0 |a nástroje ekonomické 
610 2 0 |a riadenie 
610 2 0 |a kontrola verejná 
610 2 0 |a zákazky 
610 2 0 |a investície verejné 
610 2 0 |a súdnictvo 
610 2 0 |a polícia 
610 2 0 |a armáda 
610 2 0 |a školstvo 
610 2 0 |a kultúra 
610 2 0 |a cirkev 
610 2 0 |a zdravotníctvo 
610 2 0 |a služby sociálne 
610 2 0 |a veda 
610 2 0 |a výskum 
610 2 0 |a systémy informačné 
610 2 0 |a médiá 
610 2 0 |a infraštruktúra technická 
610 2 0 |a statky súkromné 
610 2 0 |a bývanie 
610 2 0 |a zabezpečenie sociálne 
610 2 0 |a zamestnanosť 
610 2 0 |a prostredie životné 
100 1 |a Rektořík, Jaroslav